Top 10 des communes de France par lettre - K - Statistiques

Statistiques générales
  • Ce quiz a été pris 66 fois
  • Le résultat moyen est 2 sur 10
Statistiques - réponses
Département/Collectivité Population (année hors 2022) Commune % Correct
Guyane 20.784 Kourou
98%
Mayotte 32.156 (2017) Koungou
32%
Haut-Rhin 13.265 Kingersheim
28%
Haut-Rhin 4.391 Kaysersberg Vignoble
16%
Morbihan 7.085 Kervignac
12%
Nouvelle-Calédonie 4.272 (2025) Koumac
7%
Haut-Rhin 5.694 Kembs
5%
Nouvelle-Calédonie 8.048 (2025) Koné
5%
Mayotte 5.507 (2017) Kani-Kéli
4%
Moselle 3.206 Knutange
4%
Aucun quiz correspondant
Distribution des résultats
% des personnes avec chaque résultat
Percentile par nombre de réponses
Votre historique - résultats
Vous n’avez pas pris ce quiz